00360 2200145 4500001002100000005001700021035002500038090001800063245003700081260003200118300002200150650001500172850001200187990001500199YOGYA00000000006233720150706093618.0 a0010-081400000062054 aT 633.635 Kel aKelayakan Investasi Agribisnis 1 aYogayakartabKanisiusc1999 a80 hlm. ;b21 cm. aAgribisnis aYOPDYOG a821-B/2000